| 000 | 00537nam a2200217 a 4500 | ||
|---|---|---|---|
| 999 |
_c4602 _d4602 |
||
| 001 | 4602 | ||
| 003 | BD-JhCC | ||
| 005 | 20171128194150.0 | ||
| 008 | 171128s19511963u a|||| || | 001 0 eng d | ||
| 035 | _a(BD-JhCC)4602 | ||
| 040 |
_aBD-JhCC _dBD-JhCC |
||
| 041 | _aeng | ||
| 082 |
_a516 _bMOR 1963 |
||
| 100 | _aMorrill, W. K. | ||
| 245 |
_aAnalytic Geometry / _cW. K. Morrill, |
||
| 260 |
_aUSA : _bInternational Textbook Company, _c1963. |
||
| 300 |
_a383 p. : _c22 cm. |
||
| 650 | _aGeometry | ||
| 942 |
_2ddc _cBK |
||